00612nam a2200181 i 4500001000400000100002600004245009100030260004300121300003300164650002300197700002800220040000800248041001300256044000800269080001400277008004100291856009800332bgj1 aBASILE, Giambattista.10aDas Pentameron :bmit 316 Federzeichungen von Josef Hegenbarth /cGiambattista Basile. aBerlin :bRütten und Loening,c1958. a725, [1] s. :bil. ;c24 cm. aLiteratura włoska1 aHEGENBARTH, Josef.eil. cBPK0 agerhita aDEU a821.131.1 s gw f |000 0 ger  uhttp://koha.tu.koszalin.pl/cgi-bin/koha/opac-detail.pl?biblionumber=50025yKatalog online BPK